Tom Clancy’s Rainbow Six Siege Maps - Statistics

General Stats
  • This quiz has been taken 139 times
    116 since last reset
  • The average score is 19 of 43
Answer Stats
Answer % Correct
Oregon
88%
House
79%
Clubhouse
78%
Tower
69%
Villa
69%
Border
66%
Chalet
64%
Skyscraper
64%
Kafe Dostoyevsky
63%
Lair
63%
Favela
61%
Bank
60%
Coastline
60%
Nighthaven Labs
60%
Yacht
60%
Outback
58%
Theme Park
58%
Consulate
52%
Emerald Plains
51%
United States
51%
Presidential Plane
48%
Fortress
45%
Kanal
43%
Stadium Bravo
42%
Germany
39%
Hereford Base
39%
France
37%
Brazil
33%
Russia
33%
Japan
30%
Italy
27%
United Kingdom
25%
Australia
24%
China
22%
Spain
22%
Bartlett University
19%
South Korea
13%
Morocco
10%
Portugal
10%
Ireland
7%
Greece
4%
Ivory Coast
4%
Close Quarters
3%
No matching quizzes found
Score Distribution
Percent of People with Each Score
Percentile by Number Answered
Your Score History
You have not taken this quiz since the last reset